| 000 | 00663nam a2200181Ia 4500 | ||
|---|---|---|---|
| 008 | 100921s9999 xx 000 0 und d | ||
| 082 |
_b29530 _a808 थ 96 |
||
| 100 | _aसोवनी मधुकर विष्णु. | ||
| 245 | _aशब्दक्रीडा. | ||
| 260 |
_bशब्दवेध प्रकाशन, पुणे. _c1996 |
||
| 300 |
_a26 _bशब्दवेध,पुणे. |
||
| 365 | _b15 | ||
| 520 | _aललित- अलंकार,छंद, इ. | ||
| 630 | _aशब्दक्रीडा. | ||
| 650 | _aललित- अलंकार,छंद, इ. | ||
| 730 | _aशब्दक्रीडा. | ||
| 942 | _cBOOK | ||
| 999 |
_c778643 _d778640 |
||